| 000 | 00527nam a2200205Ia 4500 | ||
|---|---|---|---|
| 001 | dia_6584 | ||
| 003 | CHAP | ||
| 005 | 20251029171702.0 | ||
| 008 | 220117s1979 xx 000 0 und d | ||
| 010 | _a177925 | ||
| 040 |
_cCHAP _amxchpua |
||
| 090 | _aF 14 1979 | ||
| 100 |
_aArmienta Soto, Jorge Luis _9162520 |
||
| 245 | _aArroz Bamoa A75 | ||
| 260 |
_aMéxico : _b SARH, _c1979 |
||
| 901 | _aF 14 1979 | ||
| 902 | _aM | ||
| 905 | _a0000001979 MX 0000000000SPA00 | ||
| 942 |
_cFOLL _2local |
||
| 999 |
_c177925 _d177925 |
||